Implants in clinical dentistry / (Record no. 20282)
[ view plain ]
| 000 -LEADER | |
|---|---|
| fixed length control field | 01934cam a22003255a 4500 |
| 001 - CONTROL NUMBER | |
| control field | 16924840 |
| 005 - DATE AND TIME OF LATEST TRANSACTION | |
| control field | 20151012103843.0 |
| 008 - FIXED-LENGTH DATA ELEMENTS--GENERAL INFORMATION | |
| fixed length control field | 110816s2012 enka frb 001 0 eng d |
| 020 ## - INTERNATIONAL STANDARD BOOK NUMBER | |
| International Standard Book Number | 9781841849065 (hb : alk. paper) |
| 040 ## - CATALOGING SOURCE | |
| Original cataloging agency | DNLM/DLC |
| Transcribing agency | DLC |
| Language of cataloging | eng |
| Modifying agency | EG-ScBUE |
| 082 04 - DEWEY DECIMAL CLASSIFICATION NUMBER | |
| Classification number | 617.693 |
| Item number | PAL |
| Edition number | 22 |
| 100 1# - MAIN ENTRY--PERSONAL NAME | |
| Personal name | Palmer, R. |
| 9 (RLIN) | 38477 |
| 245 10 - TITLE STATEMENT | |
| Title | Implants in clinical dentistry / |
| Statement of responsibility, etc | Richard M. Palmer, Leslie C. Howe, Paul J. Palmer ; with contributions from Kalpesh Bavisha, Mahmood Suleiman. |
| 250 ## - EDITION STATEMENT | |
| Edition statement | 2nd ed. |
| 260 ## - PUBLICATION, DISTRIBUTION, ETC. (IMPRINT) | |
| Place of publication, distribution, etc | London ; |
| -- | New York : |
| Name of publisher, distributor, etc | Informa Healthcare, |
| Date of publication, distribution, etc | 2012. |
| 300 ## - PHYSICAL DESCRIPTION | |
| Extent | 217 p. : |
| Other physical details | ill. ; |
| Dimensions | 32 cm. |
| 500 ## - GENERAL NOTE | |
| General note | Rev. ed. of: Implants in clinical dentistry / Richard M. Palmer ... [et al.]. 2002. |
| 500 ## - GENERAL NOTE | |
| General note | Index : p. 215-217. |
| 504 ## - BIBLIOGRAPHY, ETC. NOTE | |
| Bibliography, etc | Includes bibliographical references. |
| 505 0# - FORMATTED CONTENTS NOTE | |
| Formatted contents note | Overview of implant dentistry -- Treatment planning : general considerations -- Single tooth planning in the anterior region -- Single tooth planning for molar replacements -- Fixed bridge planning -- Diagnosis and treatment planning for implant overdentures -- Basic factors in implant surgery -- Flap design for implant surgery -- Surgical placement of the single tooth implant in the anterior maxilla -- Implant placement for fixed bridgework -- Immediate and early replacement implants -- Grafting procedures for implant placement -- Single tooth implant prosthodontics -- Fixed bridge prosthodontics -- Implant overdentures -- Complications and maintenance -- Prosthodontic complications of implant treatment and maintenance of implant -- Overdentures. |
| 650 #7 - SUBJECT ADDED ENTRY--TOPICAL TERM | |
| Topical term or geographic name as entry element | Dental implants. |
| Source of heading or term | BUEsh |
| 9 (RLIN) | 35980 |
| 650 ## - SUBJECT ADDED ENTRY--TOPICAL TERM | |
| Topical term or geographic name as entry element | Dental Implantation |
| General subdivision | methods. |
| Source of heading or term | BUEsh |
| 651 ## - SUBJECT ADDED ENTRY--GEOGRAPHIC NAME | |
| Source of heading or term | BUEsh |
| 653 ## - INDEX TERM--UNCONTROLLED | |
| Resource For college | |
| Arrived date list | July2015 |
| -- | October2015 |
| 700 1# - ADDED ENTRY--PERSONAL NAME | |
| Personal name | Howe, Leslie C. |
| 700 1# - ADDED ENTRY--PERSONAL NAME | |
| Personal name | Palmer, Paul J. |
| 700 1# - ADDED ENTRY--PERSONAL NAME | |
| Personal name | Bavisha, Kalpesh, |
| Relator term | contributer. |
| 700 1# - ADDED ENTRY--PERSONAL NAME | |
| Personal name | Suleiman, Mahmood, |
| Relator term | contributer. |
| 942 ## - ADDED ENTRY ELEMENTS (KOHA) | |
| Source of classification or shelving scheme | Dewey Decimal Classification |
| Call number prefix | 617.693 PAL |
| Withdrawn status | Lost status | Source of classification or shelving scheme | Damaged status | Not for loan | Koha collection | Home library | Current library | Shelving location | Date acquired | Source of acquisition | Cost, normal purchase price | Serial Enumeration / chronology | Total Checkouts | Total Renewals | Full call number | Barcode | Checked out | Date last seen | Date last borrowed | Cost, replacement price | Koha item type |
|---|---|---|---|---|---|---|---|---|---|---|---|---|---|---|---|---|---|---|---|---|---|
| Dewey Decimal Classification | Baccah | Central Library | Central Library | First floor | 08/07/2015 | Purchase | 1170.00 | 21782 | 3 | 34 | 617.693 PAL | 000039283 | 28/05/2022 | 27/12/2018 | 27/12/2018 | 1463.00 | Book - Borrowing |